Statistics for European Countries with the Most Precipitation

Click here to take the quiz!

General Stats

  • This quiz has been taken 65 times
  • The average score is 8 of 10

Answer Stats

Mean PrecipitationAnswer% Correct
122 cmUnited Kingdom
98%
194 cmIceland
95%
112 cmIreland
95%
141 cmNorway
91%
116 cmSlovenia
83%
111 cmAustria
78%
111 cmCroatia
75%
154 cmSwitzerland
75%
103 cmBosnia and Herzegovina
66%
149 cmAlbania
49%

Score Distribution

Percentile by Number Answered

Percent of People with Each Score

Your Score History

You have not taken this quiz